000 00555nam a22002057a 4500
005 20250219141529.0
008 160928b2007 xxu||||| |||| 00| 0 spa d
020 _a9789977661919
041 _aESP
082 _aR 467.972.86 Q5n4
100 _aQuesada Pacheco, Miguel Ángel
245 _aNuevo diccionario de costarriqueñismos
250 _a4 edición
260 _aCosta Rica
_bTecnológica de Costa Rica
_c2007
300 _a414 páginas
650 _aCOSTA RICA
650 _aCOSTARRIQUEÑISMOS
650 _aDICCIONARIOS
942 _cREF
_2ddc
999 _c8442
_d8442